000 00709nam a2200181Ia 4500
008 100920s9999 xx 000 0 und d
082 _b106133
_a520 न 07
100 _aजाधव भास्करराव.
245 _aऔषधी व सुगंधी वनस्पतींची लागवड.
260 _bआदेश प्रकाशन,सातारा.
_c2007
300 _a154
_bसाधी
365 _b150
520 _aशाअ.
630 _aऔषधी व सुगंधी वनस्पतींची लागवड.
650 _aशाअ.
730 _aऔषधी व सुगंधी वनस्पतींची लागवड.
942 _cBOOK
999 _c746564
_d746561